World's best coin tricks

Bibliographic Details
Main Author: Longe, Bob
Format: Book
Published: New York : Sterling Publishing , 1992
Subjects:

MARC

LEADER 00000cam a2200000 7i4500
001 0000004954
002 000005341
005 20000330.0
020 |a 0806986603 
090 0 0 |a 793.8   |b LON 
100 1 |a Longe, Bob 
245 1 0 |a World's best coin tricks   |c by Bob Longe 
260 |a New York :   |b Sterling Publishing ,   |c 1992 
300 |a 128p. ;   |c 21cm. 
650 0 0 |a Coin tricks 
999 |a 033132   |b BUKU   |c PINJAMAN   |e PERPUSTAKAAN KOMUNITI PETALING JAYA 
999 |a 033133   |b BUKU   |c PINJAMAN   |e PERPUSTAKAAN KOMUNITI PETALING JAYA